Answers with Blue - Statistics

General Stats
  • This quiz has been taken 30 times
  • The average score is 11 of 19
Answer Stats
Hint Answer % Correct
10) Popular dairy product that includes mold,commonly served with chicken wings Blue Cheese
96%
18) Tasty fruit picked on branches, usedin pies and muffins Blueberry
93%
12) Type of denim pants Blue Jeans
93%
7) Largest mammal on earth Blue Whale
93%
8) Jobs that include physical labor Blue Collar
89%
16) Term for a very rare occurrence, once ina ______ _____ Blue Moon
89%
15) An architects drawing plans for a building Blueprint
86%
3) Toronto MLB team Blue Jays
79%
17) Large species of Atlantic tuna Bluefin
64%
1) Type of music that originatedin Appalachia in the 40s Bluegrass
61%
19) Beyonces daughter Blue Ivy
57%
4) Elvis: Ill have a ____ ______,without you" Blue Christmas
46%
2) Duke University team name Blue Devils
43%
6) Columbus NHL team Blue Jackets
36%
13) Range that runs thru much of NC, SC,VA, GA and TN Blue Ridge Mountains
36%
11) A bad bruise is often called this Black and Blue
21%
14) The state flower of Texas Bluebonnet
21%
20) Type of gemstone common in rings andnecklaces Blue Topaz
18%
5) Walter Whites signature methin Breaking Bad Blue Sky
11%
No matching quizzes found
Score Distribution
Percent of People with Each Score
Percentile by Number Answered
Your Score History
You have not taken this quiz